Phosphate fixation and the response of maize to fertilizer phosphate in Kenyan soils
محفوظ في:
| المؤلف الرئيسي: | |
|---|---|
| التنسيق: | كتاب |
| اللغة: | Undetermined |
| منشور في: |
The Netherland
Wageningen University
1998
|
| الموضوعات: | |
| الوسوم: |
إضافة وسم
لا توجد وسوم, كن أول من يضع وسما على هذه التسجيلة!
|
| Thư viện lưu trữ: | Trung tâm Học liệu Trường Đại học Cần Thơ |
|---|
| LEADER | 00611nam a2200181Ia 4500 | ||
|---|---|---|---|
| 001 | CTU_38985 | ||
| 008 | 210402s9999 xx 000 0 und d | ||
| 082 | |a 631.42 | ||
| 082 | |b E34 | ||
| 100 | |a Dirk van der Eijk | ||
| 245 | 0 | |a Phosphate fixation and the response of maize to fertilizer phosphate in Kenyan soils | |
| 245 | 0 | |c Dirk van der Eijk | |
| 260 | |a The Netherland | ||
| 260 | |b Wageningen University | ||
| 260 | |c 1998 | ||
| 650 | |a corn,fertilizers,plant-soil relationships,soils - fertilization,soils - kenya | ||
| 904 | |i Liên, 000603 | ||
| 980 | |a Trung tâm Học liệu Trường Đại học Cần Thơ | ||